[Event "85th Tata Steel Challengers 2023"]
[Site "Wijk aan Zee"]
[Date "2023.01.21"]
[Round "7.5"]
[White "Tabatabaei, M. Amin"]
[Black "L'Ami, Erwin"]
[Result "1-0"]
[WhiteElo "2686"]
[BlackElo "2627"]
[Annotator "TA"]
[PlyCount "121"]
[EventDate "2023.01.10"]
[EventType "tourn"]
[EventCountry "NED"]
[SourceTitle "playchess.com"]
[Source "ChessBase"]
[SourceQuality "1"]

1. d4 d5 2. c4 e6 3. Nf3 Nf6 4. g3 dxc4 5. Bg2 Nbd7 6. O-O c6 7. a4 a5 8. Qc2 b5 9. Ne5 Nxe5 10. dxe5 Nd5 11. axb5 cxb5 12. Nc3 Qb6 13. Nxd5 exd5 14. Bxd5 Ra7 15. Qe4 Bc5 16. Bc6+ Bd7 17. Bxd7+ Rxd7 18. Qg4 a4 19. Qxg7 Rf8 20. Qxh7 Bd4 21. Qe4 Qb7 22. Qf5 Qd5 23. Bf4 Bxb2 24. Rad1 Qe6 25. Qb1 a3 26. Rxd7 Qxd7 27. Qe4 Rg8 28. Qa8+ Qd8 29. Qb7 c3 30. h4 Rg6 31. Bg5 Rxg5 32. hxg5 Qd7 33. Qb8+ Ke7 34. Qh8 a2 35. Qf6+ Ke8 36. Qh8+ Ke7 37. g6 fxg6 38. Qf6+ Ke8 39. e6 Qe7 40. Qh8+ Qf8 41. Qh7 Qe7 42. Qg8+ Qf8 43. Qxg6+ Ke7 44. Qe4 Qe8 45. Qb4+ Kf6 46. Qd4+ Kxe6 47. Qe3+ Kf7 48. Qa7+ Kf6 49. Qxa2 Qxe2 50. Qb3 Ke7 51. Qb4+ Kd7 52. Kg2 Qc4 53. Rd1+ Kc6 54. Qe7 c2 55. Rd6+ Kc5 56. Rd8+ Kb6 57. Rb8+ Ka5 58. Ra8+ Kb6 59. Qa7+ Kc6 60. Rc8+ Kd5 61. Qd7+ 1-0

[Event "84th Tata Steel Challengers 2022"]
[Site "Wijk aan Zee"]
[Date "2022.01.22"]
[Round "7.5"]
[White "Bjerre, Jonas Buhl"]
[Black "Vogel, Roven"]
[Result "1-0"]
[WhiteElo "2586"]
[BlackElo "2452"]
[Annotator "TA"]
[PlyCount "101"]
[EventDate "2022.01.15"]
[EventType "tourn"]
[EventCountry "NED"]
[SourceTitle "playchess.com"]
[Source "ChessBase"]
[SourceQuality "1"]

1. e4 e5 2. Nf3 Nc6 3. Bb5 a6 4. Ba4 Nf6 5. O-O Be7 6. Re1 b5 7. Bb3 O-O 8. a4 Na5 9. Ba2 b4 10. Nxe5 Bb7 11. d3 d5 12. Nd2 dxe4 13. dxe4 Qd4 14. Nd3 Rad8 15. Qe2 Bd6 16. e5 Rfe8 17. Nf3 Bxf3 18. Qxf3 Bxe5 19. Be3 Qg4 20. Qxg4 Nxg4 21. Bg5 Bxh2+ 22. Kh1 Bd6 23. Bxd8 Rxd8 24. f3 Nf6 25. Ne5 b3 26. Bxb3 Nxb3 27. cxb3 Rb8 28. Nc4 Bg3 29. Re3 Nd5 30. Re4 Nf4 31. Rd1 g6 32. Re3 Ne6 33. Kg1 h5 34. Kf1 Kg7 35. Rd5 h4 36. Ne5 Bxe5 37. Rdxe5 Rd8 38. Rc3 Rd2 39. Re2 Rd1+ 40. Kf2 c5 41. Ke3 Rd6 42. Rd2 Rb6 43. Rd7 g5 44. Kf2 Kg6 45. Kg1 Kf6 46. Kh2 Kg6 47. Rcd3 a5 48. Ra7 c4 49. Rd2 cxb3 50. Rxa5 Rc6 51. Rad5 1-0

[Event "Tata Steel Tienkampen 2023"]
[Site "Wijk aan Zee"]
[Date "2023.01.27"]
[Round "7.5"]
[White "Van der Werf, Mark"]
[Black "De Winter, Arthur"]
[Result "1/2-1/2"]
[WhiteElo "2412"]
[BlackElo "2371"]
[Annotator "TA"]
[PlyCount "63"]
[EventDate "2023.01.20"]
[EventType "swiss"]
[EventCountry "NED"]
[SourceTitle "playchess.com"]
[Source "ChessBase"]
[SourceQuality "1"]

1. d4 Nf6 2. c4 g6 3. Nc3 d5 4. cxd5 Nxd5 5. e4 Nxc3 6. bxc3 Bg7 7. Qa4+ Nd7 8. Nf3 O-O 9. Qa3 c5 10. Be2 b6 11. e5 Bb7 12. h4 Rc8 13. h5 Qc7 14. h6 Bh8 15. O-O Bd5 16. Be3 f6 17. c4 Bf7 18. exf6 Bxf6 19. Rad1 cxd4 20. Nxd4 Ne5 21. Rc1 Qd7 22. c5 bxc5 23. Rxc5 Nc4 24. Bxc4 Bxc4 25. Rc1 Rxc5 26. Qxc5 Bxa2 27. Nc6 Bd5 28. Nxa7 Bb7 29. Qb5 Qxb5 30. Nxb5 Rc8 31. Rxc8+ Bxc8 32. f4 1/2-1/2

[Event "82nd Tata Steel Masters 2020"]
[Site "Wijk aan Zee"]
[Date "2020.01.18"]
[Round "7.6"]
[White "Duda, Jan-Krzysztof"]
[Black "Giri, Anish"]
[Result "1/2-1/2"]
[WhiteElo "2758"]
[BlackElo "2768"]
[Annotator "TA"]
[PlyCount "53"]
[EventDate "2020.01.11"]
[EventType "tourn"]
[EventCountry "NED"]
[SourceTitle "playchess.com"]
[Source "ChessBase"]
[SourceQuality "1"]

1. e4 e5 2. Nf3 Nc6 3. Bb5 a6 4. Ba4 Nf6 5. O-O Be7 6. Re1 b5 7. Bb3 O-O 8. c3 d5 9. exd5 Nxd5 10. Nxe5 Nxe5 11. Rxe5 c6 12. d3 Bd6 13. Re1 Qh4 14. g3 Qh3 15. Re4 Nf6 16. Rh4 Qf5 17. Bc2 Qg6 18. Nd2 Bg4 19. Nf3 Rad8 20. Kg2 Rfe8 21. a4 h6 22. axb5 axb5 23. h3 Bf5 24. Rd4 Qh5 25. Rh4 Qg6 26. Rd4 Qh5 27. Rh4 1/2-1/2

[Event "84th Tata Steel Masters 2022"]
[Site "Wijk aan Zee"]
[Date "2022.01.22"]
[Round "7.6"]
[White "Grandelius, Nils"]
[Black "Karjakin, Sergey"]
[Result "1/2-1/2"]
[WhiteElo "2672"]
[BlackElo "2743"]
[Annotator "TA"]
[PlyCount "74"]
[EventDate "2022.01.15"]
[EventType "tourn"]
[EventCountry "NED"]
[SourceTitle "playchess.com"]
[Source "ChessBase"]
[SourceQuality "1"]

1. e4 e5 2. Nf3 Nf6 3. Nxe5 d6 4. Nf3 Nxe4 5. Nc3 Nxc3 6. dxc3 Be7 7. Be3 Nd7 8. Qd3 Nc5 9. Bxc5 dxc5 10. Qxd8+ Bxd8 11. Bc4 O-O 12. O-O-O Re8 13. Rhe1 Rxe1 14. Rxe1 Bd7 15. h4 Kf8 16. Ng5 b5 17. Nxh7+ Kg8 18. Bd3 Bxh4 19. g3 Bd8 20. f4 f6 21. Bg6 c6 22. c4 bxc4 23. c3 Bc7 24. Re3 Rd8 25. f5 Bc8 26. Kc2 Be5 27. g4 Rd3 28. Re4 Rd5 29. a4 a5 30. Re2 Bd7 31. Re4 Bd6 32. Re3 Re5 33. Rxe5 Bxe5 34. Kb1 Bf4 35. Kc2 Bc8 36. Kb1 Ba6 37. Ka2 Be3 1/2-1/2

[Event "84th Tata Steel Challengers 2022"]
[Site "Wijk aan Zee"]
[Date "2022.01.22"]
[Round "7.6"]
[White "Shuvalova, Polina"]
[Black "Warmerdam, Max"]
[Result "0-1"]
[WhiteElo "2516"]
[BlackElo "2599"]
[Annotator "TA"]
[PlyCount "120"]
[EventDate "2022.01.15"]
[EventType "tourn"]
[EventCountry "NED"]
[SourceTitle "playchess.com"]
[Source "ChessBase"]
[SourceQuality "1"]

1. e4 c5 2. Nf3 Nc6 3. Bb5 e6 4. O-O Nge7 5. d4 cxd4 6. Nxd4 Ng6 7. Be2 Be7 8. c4 O-O 9. Nc3 b6 10. Be3 Bb7 11. Ndb5 Qb8 12. Qd2 Bc5 13. Rad1 d6 14. Na4 Rd8 15. Qc1 Nce7 16. Nxc5 bxc5 17. Nc3 e5 18. Bd3 Nc6 19. Nd5 Nd4 20. b3 a5 21. g3 a4 22. Qb2 axb3 23. axb3 Bxd5 24. Bxd4 Bxc4 25. Bxc4 exd4 26. f4 Ne7 27. Qg2 d5 28. exd5 Nf5 29. Rfe1 Ne3 30. Rxe3 dxe3 31. Qf3 Qd6 32. Qxe3 Re8 33. Qf2 Re4 34. Kg2 h6 35. Kg1 Kh8 36. Kg2 Rae8 37. Kg1 Re3 38. Kg2 Kg8 39. Qc2 R3e4 40. Qf2 Re3 41. Qc2 R3e7 42. Ra1 Qd7 43. Qf2 Re3 44. Rd1 Qg4 45. Rd2 Qf5 46. d6 Qe4+ 47. Kh3 Qf5+ 48. Kg2 Qe4+ 49. Kh3 Rd8 50. Rd5 Qe8 51. Kg2 Qe4+ 52. Kh3 Qe8 53. Kg2 Rc3 54. Qxc5 Rc2+ 55. Kh3 Qe6+ 56. f5 Qe4 57. Re5 Qg2+ 58. Kg4 h5+ 59. Kxh5 Qf3+ 60. Kg5 Kh7 0-1

[Event "85th Tata Steel Challengers 2023"]
[Site "Wijk aan Zee"]
[Date "2023.01.21"]
[Round "7.6"]
[White "Vaishali, Rameshbabu"]
[Black "Supi, Luis Paulo"]
[Result "1-0"]
[WhiteElo "2425"]
[BlackElo "2608"]
[Annotator "TA"]
[PlyCount "71"]
[EventDate "2023.01.10"]
[EventType "tourn"]
[EventCountry "NED"]
[SourceTitle "playchess.com"]
[Source "ChessBase"]
[SourceQuality "1"]

1. e4 c5 2. Nf3 d6 3. d4 cxd4 4. Nxd4 Nf6 5. Nc3 a6 6. Bg5 Nbd7 7. g4 b5 8. Bg2 Bb7 9. Be3 Rc8 10. g5 Rxc3 11. bxc3 Nxe4 12. Qg4 Ne5 13. Qh4 Qa8 14. O-O Nxc3 15. Bxb7 Qxb7 16. Rfe1 g6 17. f4 Nc4 18. f5 Qe4 19. Qh3 Nxe3 20. Qxe3 Qxe3+ 21. Rxe3 Nd5 22. Ra3 Nc7 23. Rf1 Rg8 24. Rc3 Kd7 25. fxg6 Bg7 26. Rd3 fxg6 27. Rf7 Ke8 28. Rf2 Kd7 29. Rf7 Ke8 30. Rf2 h6 31. gxh6 Bxh6 32. Nc6 Bg5 33. Re2 Kd7 34. Ne5+ Kc8 35. Rg3 Bh4 36. Nxg6 1-0

[Event "83rd Tata Steel Masters 2021"]
[Site "Wijk aan Zee"]
[Date "2021.01.23"]
[Round "7.7"]
[White "Wojtaszek, Radoslaw"]
[Black "Esipenko, Andrey"]
[Result "0-1"]
[WhiteElo "2705"]
[BlackElo "2677"]
[Annotator "TA"]
[PlyCount "84"]
[EventDate "2021.01.16"]
[EventType "tourn"]
[EventCountry "NED"]
[SourceTitle "playchess.com"]
[Source "ChessBase"]
[SourceQuality "1"]

1. d4 Nf6 2. c4 e6 3. Nc3 Bb4 4. f3 d5 5. a3 Be7 6. e4 dxc4 7. Be3 b5 8. Nxb5 Ba6 9. a4 c6 10. Na3 Bxa3 11. Rxa3 Nbd7 12. Ne2 Rb8 13. Ra2 O-O 14. Nc3 Qa5 15. Be2 Rfd8 16. Qc2 c5 17. O-O cxd4 18. Bxd4 Nc5 19. Nb5 Rxd4 20. Nxd4 Nb3 21. Nb5 Bxb5 22. axb5 Qxa2 23. Bxc4 Na1 24. Qc3 Qa4 25. b3 Nxb3 26. Qxb3 Qxb3 27. Bxb3 Rxb5 28. Rc1 g5 29. Rc3 Kg7 30. Kf2 h5 31. Ke3 h4 32. g3 h3 33. Bd1 Rb2 34. Be2 g4 35. fxg4 Nxe4 36. Ra3 Ng5 37. Rxa7 Rb3+ 38. Kd4 Rb1 39. Ke3 Rh1 40. Ra5 Kf6 41. Bf3 Rxh2 42. Ra1 Rb2 0-1

[Event "85th Tata Steel Masters 2023"]
[Site "Wijk aan Zee"]
[Date "2023.01.21"]
[Round "7.7"]
[White "Keymer, Vincent"]
[Black "Ding, Liren"]
[Result "1/2-1/2"]
[WhiteElo "2696"]
[BlackElo "2811"]
[Annotator "TA"]
[PlyCount "115"]
[EventDate "2023.01.10"]
[EventType "tourn"]
[EventCountry "NED"]
[SourceTitle "playchess.com"]
[Source "ChessBase"]
[SourceQuality "1"]

1. Nf3 d5 2. e3 Nf6 3. c4 e6 4. Nc3 b6 5. cxd5 exd5 6. g3 Bd6 7. Bg2 O-O 8. O-O Re8 9. Re1 Nbd7 10. d3 Ba6 11. e4 dxe4 12. dxe4 Ne5 13. Nxe5 Bxe5 14. Bf4 Qd6 15. Qa4 Bb7 16. Rad1 Qc5 17. Bxe5 Rxe5 18. Qd4 Qxd4 19. Rxd4 Kf8 20. f4 Rc5 21. Re2 Ng8 22. Red2 Ke8 23. Bh3 Bc6 24. R2d3 a5 25. a3 a4 26. Rd2 h5 27. e5 Nh6 28. Bg2 Nf5 29. Bxc6+ Rxc6 30. Re4 Rg6 31. Nb5 Rc6 32. Kf2 Rc5 33. Rb4 Rc1 34. Nc3 Rd8 35. Rxd8+ Kxd8 36. Re4 Rh1 37. Kg2 Rc1 38. Re2 Ke7 39. Nxa4 Ke6 40. Nc3 Nd4 41. Rd2 Nb3 42. Rf2 Nd4 43. Ne2 Nxe2 44. Rxe2 Rd1 45. Kh3 g6 46. Rc2 c5 47. Rc3 f6 48. Rb3 fxe5 49. Rxb6+ Kf5 50. Rc6 Rc1 51. fxe5 Rc2 52. a4 g5 53. g4+ hxg4+ 54. Kg3 Rxb2 55. e6 Rb3+ 56. Kf2 Rb2+ 57. Ke3 Kf6 58. Rxc5 1/2-1/2

[Event "82nd Tata Steel Masters 2020"]
[Site "Wijk aan Zee"]
[Date "2020.01.18"]
[Round "7.7"]
[White "Kovalev, Vladislav"]
[Black "Yu, Yangyi"]
[Result "1/2-1/2"]
[WhiteElo "2660"]
[BlackElo "2726"]
[Annotator "TA"]
[PlyCount "65"]
[EventDate "2020.01.11"]
[EventType "tourn"]
[EventCountry "NED"]
[SourceTitle "playchess.com"]
[Source "ChessBase"]
[SourceQuality "1"]

1. e4 e5 2. Nf3 Nc6 3. Bb5 a6 4. Ba4 Nf6 5. O-O Be7 6. d3 b5 7. Bb3 d6 8. a3 O-O 9. Nc3 Bb7 10. Bg5 Qd7 11. a4 Nd8 12. axb5 axb5 13. Rxa8 Bxa8 14. Bxf6 Bxf6 15. Nd5 Bxd5 16. Bxd5 c6 17. Ba2 d5 18. Re1 Qd6 19. d4 dxe4 20. dxe5 Bxe5 21. Qxd6 Bxd6 22. Ng5 Re8 23. Nxe4 Kf8 24. Kf1 Bc7 25. h4 h6 26. c3 Nb7 27. g3 Nd6 28. Nc5 Rxe1+ 29. Kxe1 Ke8 30. Nd3 Nc8 31. Ke2 Nb6 32. g4 Bd6 33. b4 1/2-1/2

[Event "85th Tata Steel Challengers 2023"]
[Site "Wijk aan Zee"]
[Date "2023.01.21"]
[Round "7.7"]
[White "Adhiban, B.."]
[Black "Pechac, Jergus"]
[Result "0-1"]
[WhiteElo "2610"]
[BlackElo "2637"]
[Annotator "TA"]
[PlyCount "72"]
[EventDate "2023.01.10"]
[EventType "tourn"]
[EventCountry "NED"]
[SourceTitle "playchess.com"]
[Source "ChessBase"]
[SourceQuality "1"]

1. e4 e5 2. Nf3 Nc6 3. Bb5 Nf6 4. d3 Bc5 5. Bxc6 dxc6 6. Nbd2 Nd7 7. Nc4 f6 8. O-O a5 9. d4 exd4 10. Nxd4 Qe7 11. Nf5 Qf7 12. b3 b5 13. Nd2 g6 14. Nh6 Qg7 15. Nf3 Bb7 16. Ng4 h5 17. Ne3 O-O-O 18. Bb2 Rhe8 19. Nd2 Bb6 20. Qf3 Ne5 21. Bxe5 Rxe5 22. Rad1 Rde8 23. Rfe1 Kb8 24. h3 f5 25. Nef1 Qe7 26. Qg3 fxe4 27. Ne3 Bc5 28. Qxg6 Rg5 29. Qh6 Reg8 30. Ndf1 Qe5 31. h4 R5g6 32. Qh7 R6g7 33. Qh6 Ka7 34. Ng3 Rxg3 35. fxg3 Qxg3 36. Re2 Rg6 0-1

[Event "84th Tata Steel Challengers 2022"]
[Site "Wijk aan Zee"]
[Date "2022.01.22"]
[Round "7.7"]
[White "Zhu, Jiner"]
[Black "Dardha, Daniel"]
[Result "0-1"]
[WhiteElo "2478"]
[BlackElo "2533"]
[Annotator "TA"]
[PlyCount "44"]
[EventDate "2022.01.15"]
[EventType "tourn"]
[EventCountry "NED"]
[SourceTitle "playchess.com"]
[Source "ChessBase"]
[SourceQuality "1"]

1. e4 c5 2. Nf3 d6 3. d4 cxd4 4. Nxd4 Nf6 5. Nc3 Nc6 6. Bg5 e6 7. Qd2 a6 8. O-O-O Bd7 9. f3 Nxd4 10. Qxd4 Be7 11. Qd2 b5 12. h4 Qc7 13. g4 b4 14. Ne2 a5 15. Nd4 O-O 16. Nb5 Bxb5 17. Bxb5 a4 18. Kb1 a3 19. Be3 axb2 20. Qxb4 d5 21. Qd2 Rfb8 22. Qe2 Rxa2 0-1

[Event "80th Tata Steel Masters 2018"]
[Site "Wijk aan Zee"]
[Date "2018.01.21"]
[Round "8"]
[White "Giri, Anish"]
[Black "Mamedyarov, Shakhriyar"]
[Result "1-0"]
[WhiteElo "2752"]
[BlackElo "2804"]
[Annotator "TA"]
[PlyCount "63"]
[EventDate "2018.??.??"]
[EventType "tourn"]
[EventRounds "4"]
[EventCountry "NED"]
[SourceTitle "playchess.com"]
[Source "ChessBase"]
[SourceQuality "1"]

1. c4 c5 2. Nf3 Nc6 3. Nc3 g6 4. e3 Nf6 5. d4 cxd4 6. exd4 d5 7. cxd5 Nxd5 8. Qb3 e6 9. Bb5 Bg7 10. O-O O-O 11. Bxc6 bxc6 12. Re1 Qd6 13. Ne4 Qb4 14. Qc2 a5 15. a3 Qb6 16. Nc5 Re8 17. Ne5 f6 18. Nc4 Qc7 19. Bd2 e5 20. dxe5 fxe5 21. Qa4 Nb6 22. Nxb6 Qxb6 23. Qc4+ Kh8 24. Bc3 Bf5 25. g4 Bc8 26. Re4 Qb5 27. Rae1 Qxc4 28. Rxc4 Rb8 29. h3 h5 30. gxh5 gxh5 31. Rh4 Kh7 32. Ne4 1-0

[Event "80th Tata Steel Masters 2018"]
[Site "Wijk aan Zee"]
[Date "2018.01.21"]
[Round "8"]
[White "Hou, Yifan"]
[Black "Caruana, Fabiano"]
[Result "0-1"]
[WhiteElo "2680"]
[BlackElo "2811"]
[Annotator "TA"]
[PlyCount "116"]
[EventDate "2018.??.??"]
[EventType "tourn"]
[EventRounds "4"]
[EventCountry "NED"]
[SourceTitle "playchess.com"]
[Source "ChessBase"]
[SourceQuality "1"]

1. e4 e5 2. Nf3 Nc6 3. Bb5 a6 4. Ba4 Nf6 5. O-O Be7 6. Re1 b5 7. Bb3 d6 8. c3 O-O 9. h3 Na5 10. Bc2 c5 11. d4 Nd7 12. d5 Nb6 13. Nbd2 Bd7 14. Nf1 Nb7 15. b3 a5 16. Rb1 c4 17. bxc4 Nxc4 18. a4 Qc7 19. axb5 Nb6 20. Be3 Rfc8 21. Bd3 Nc5 22. Re2 a4 23. Ra2 Bd8 24. Bc2 Nc4 25. N3d2 Nxe3 26. Nxe3 Rcb8 27. c4 Qc8 28. Ra3 Ba5 29. Ndf1 Bb6 30. Ng3 Qd8 31. Nef5 g6 32. Nh6+ Kg7 33. Qd2 Qh4 34. Ng4 Bxg4 35. hxg4 Qxg4 36. Kf1 Qh4 37. Ke2 h5 38. Kf1 Rh8 39. Rba1 Qf6 40. Rf3 Qe7 41. Ne2 Nb3 42. Bxb3 axb3 43. Ra6 Rxa6 44. bxa6 Ra8 45. Rxb3 Rxa6 46. g3 h4 47. gxh4 Qxh4 48. Ng3 Bxf2 49. Qxf2 Qh3+ 50. Ke2 Ra2+ 51. Ke1 Rxf2 52. Nf5+ Qxf5 53. exf5 Rxf5 54. Rb6 Rf4 55. Rc6 g5 56. Ke2 Rd4 57. Kf3 f6 58. Rxd6 Rxc4 0-1

[Event "80th Tata Steel Masters 2018"]
[Site "Wijk aan Zee"]
[Date "2018.01.21"]
[Round "8"]
[White "Adhiban, B."]
[Black "Karjakin, Sergey"]
[Result "1/2-1/2"]
[WhiteElo "2655"]
[BlackElo "2753"]
[Annotator "TA"]
[PlyCount "86"]
[EventDate "2018.??.??"]
[EventType "tourn"]
[EventRounds "4"]
[EventCountry "NED"]
[SourceTitle "playchess.com"]
[Source "ChessBase"]
[SourceQuality "1"]

1. Nf3 Nf6 2. g3 c5 3. Bg2 Nc6 4. c4 d5 5. cxd5 Nxd5 6. Nc3 Nc7 7. a3 g6 8. d3 Bg7 9. Be3 Ne6 10. h4 h6 11. Rc1 Bd7 12. O-O Rc8 13. Na2 O-O 14. b4 cxb4 15. Nxb4 Qa5 16. Qd2 Qxa3 17. Nxc6 Bxc6 18. Bxh6 Bxf3 19. Bxg7 Kxg7 20. Ra1 Qc3 21. Qxc3+ Rxc3 22. Bxf3 Nd4 23. Rxa7 Nxf3+ 24. exf3 Rxd3 25. Rxb7 Rxf3 26. Rxe7 Ra8 27. Kg2 Rfa3 28. Rb1 R8a7 29. Rxa7 Rxa7 30. g4 Ra4 31. Kg3 Ra3+ 32. f3 Ra5 33. Rb4 Rc5 34. Kf4 Ra5 35. Re4 f5 36. gxf5 Rxf5+ 37. Kg4 Ra5 38. Rb4 Ra1 39. Rb7+ Kh6 40. Rb8 Kg7 41. Kf4 Ra4+ 42. Kg5 Ra5+ 43. Kf4 Ra4+ 1/2-1/2

[Event "80th Tata Steel Challengers 2018"]
[Site "Wijk aan Zee"]
[Date "2018.01.21"]
[Round "8"]
[White "Korobov, Anton"]
[Black "Amin, Bassem"]
[Result "0-1"]
[WhiteElo "2652"]
[BlackElo "2693"]
[Annotator "TA"]
[PlyCount "80"]
[EventDate "2018.??.??"]
[EventType "tourn"]
[EventCountry "NED"]
[SourceTitle "playchess.com"]
[Source "ChessBase"]
[SourceQuality "1"]

1. d4 Nf6 2. c4 g6 3. Nc3 Bg7 4. e4 d6 5. f3 O-O 6. Bg5 c5 7. d5 h6 8. Be3 e6 9. Qd2 exd5 10. cxd5 a6 11. a4 h5 12. Nge2 Nbd7 13. Nc1 Ne5 14. Be2 Nh7 15. h3 f5 16. f4 Nf7 17. exf5 gxf5 18. O-O Nf6 19. Bf2 Bd7 20. a5 Bb5 21. Re1 Re8 22. Qc2 Qd7 23. Bf3 Rxe1+ 24. Bxe1 Re8 25. N1e2 Ng4 26. Nxb5 axb5 27. Bc3 Nfh6 28. Ng3 Bxc3 29. Qxc3 b4 30. Qd2 h4 31. hxg4 hxg3 32. g5 Qg7 33. Bh5 Nf7 34. Qd3 Qxb2 35. Bxf7+ Kg7 36. Bxe8 Qxa1+ 37. Qf1 Qd4+ 38. Kh1 b3 39. Qe1 Kf8 40. Bh5 Qe4 0-1

[Event "80th Tata Steel Challengers 2018"]
[Site "Wijk aan Zee"]
[Date "2018.01.21"]
[Round "8"]
[White "Bluebaum, Matthias"]
[Black "L'Ami, Erwin"]
[Result "1/2-1/2"]
[WhiteElo "2640"]
[BlackElo "2634"]
[Annotator "TA"]
[PlyCount "98"]
[EventDate "2018.??.??"]
[EventType "tourn"]
[EventCountry "NED"]
[SourceTitle "playchess.com"]
[Source "ChessBase"]
[SourceQuality "1"]

1. Nf3 d5 2. d4 Nf6 3. c4 e6 4. g3 Bb4+ 5. Bd2 Bxd2+ 6. Nbxd2 O-O 7. Bg2 Nbd7 8. O-O b6 9. cxd5 Nxd5 10. Rc1 Bb7 11. Qb3 Rc8 12. Nc4 Ba8 13. Qa4 a5 14. Nce5 Nxe5 15. Nxe5 Qd6 16. Nc6 Bxc6 17. Rxc6 Qb4 18. Qxb4 Nxb4 19. Rc4 Nxa2 20. e3 c6 21. Bxc6 Rc7 22. d5 Nb4 23. Rfc1 exd5 24. Bxd5 Rd7 25. Bf3 Rd2 26. b3 g6 27. Rd1 Rfd8 28. Rxd2 Rxd2 29. Kf1 Rd3 30. Rc8+ Kg7 31. Be2 Rxb3 32. Rc7 Nd3 33. Ra7 h5 34. f4 Nb2 35. e4 a4 36. e5 Kf8 37. Kg2 a3 38. Kh3 Re3 39. Bf1 Kg7 40. Kh4 Kh6 41. Bb5 Nd3 42. Be8 f6 43. exf6 Rxe8 44. Rxa3 Nc5 45. g4 hxg4 46. Kxg4 Kh7 47. Ra7+ Kh6 48. Ra3 Kh7 49. Ra7+ Kh6 1/2-1/2

[Event "80th Tata Steel Challengers 2018"]
[Site "Wijk aan Zee"]
[Date "2018.01.21"]
[Round "8"]
[White "Xiong, Jeffery"]
[Black "Harika, Dronavalli"]
[Result "1/2-1/2"]
[WhiteElo "2634"]
[BlackElo "2497"]
[Annotator "TA"]
[PlyCount "63"]
[EventDate "2018.??.??"]
[EventType "tourn"]
[EventCountry "NED"]
[SourceTitle "playchess.com"]
[Source "ChessBase"]
[SourceQuality "1"]

1. d4 d5 2. c4 e6 3. Nf3 Nf6 4. g3 Be7 5. Bg2 O-O 6. O-O dxc4 7. Qa4 a6 8. Qxc4 b5 9. Qc2 Bb7 10. Bd2 Bd6 11. Re1 Be4 12. Qc1 Bb7 13. a3 Nbd7 14. b4 Qc8 15. Nc3 Ne4 16. Qc2 Ndf6 17. Rac1 h6 18. Red1 Re8 19. Nb1 a5 20. Be1 axb4 21. axb4 Nd7 22. Ne5 Nef6 23. Nc6 Nb8 24. Nxb8 Bxg2 25. Kxg2 Qxb8 26. Qc6 Nd5 27. Nc3 Nxc3 28. Bxc3 Ra4 29. Kg1 Bxb4 30. Bxb4 Rxb4 31. Qxc7 Rb2 32. e3 1/2-1/2

[Event "80th Tata Steel Challengers 2018"]
[Site "Wijk aan Zee"]
[Date "2018.01.21"]
[Round "8"]
[White "Van Foreest, Jorden"]
[Black "Tari, Aryan"]
[Result "1-0"]
[WhiteElo "2629"]
[BlackElo "2599"]
[Annotator "TA"]
[PlyCount "43"]
[EventDate "2018.??.??"]
[EventType "tourn"]
[EventCountry "NED"]
[SourceTitle "playchess.com"]
[Source "ChessBase"]
[SourceQuality "1"]

1. e4 e5 2. Nf3 Nc6 3. d4 exd4 4. Nxd4 Nf6 5. Nxc6 bxc6 6. e5 Qe7 7. Qe2 Nd5 8. c4 Nb6 9. Nc3 Qe6 10. Qe4 g6 11. Bd2 Ba6 12. c5 Nc4 13. Bg5 Bxc5 14. O-O-O O-O 15. Qf4 d5 16. exd6 Bxd6 17. Rxd6 cxd6 18. Bf6 d5 19. b3 Rab8 20. Be2 c5 21. Rd1 Rfe8 22. Nxd5 1-0

[Event "80th Tata Steel Challengers 2018"]
[Site "Wijk aan Zee"]
[Date "2018.01.21"]
[Round "8"]
[White "Gordievsky, Dmitry"]
[Black "Vidit, Santosh Gujrathi"]
[Result "0-1"]
[WhiteElo "2622"]
[BlackElo "2718"]
[Annotator "TA"]
[PlyCount "64"]
[EventDate "2018.??.??"]
[EventType "tourn"]
[EventCountry "NED"]
[SourceTitle "playchess.com"]
[Source "ChessBase"]
[SourceQuality "1"]

1. c4 e5 2. g3 Nf6 3. Bg2 d5 4. cxd5 Nxd5 5. Nf3 Nc6 6. O-O Nb6 7. d3 Be7 8. a3 O-O 9. Nbd2 a5 10. b3 Be6 11. Bb2 f6 12. Qc2 Qd7 13. Nc4 Rfd8 14. Rfc1 Qe8 15. Nxb6 cxb6 16. Nd2 Rac8 17. a4 Bc5 18. Qd1 h5 19. Nc4 Qe7 20. e3 Bg4 21. Qf1 Nb4 22. Rd1 Bxd1 23. Rxd1 Qf7 24. Kh1 h4 25. Qe2 hxg3 26. fxg3 Bf8 27. g4 b5 28. axb5 a4 29. g5 axb3 30. Be4 Nxd3 31. Rxd3 Qxc4 32. Bd4 b2 0-1

[Event "80th Tata Steel Challengers 2018"]
[Site "Wijk aan Zee"]
[Date "2018.01.21"]
[Round "8"]
[White "Bok, Benjamin"]
[Black "Van Foreest, Lucas"]
[Result "1-0"]
[WhiteElo "2607"]
[BlackElo "2481"]
[Annotator "TA"]
[PlyCount "43"]
[EventDate "2018.??.??"]
[EventType "tourn"]
[EventCountry "NED"]
[SourceTitle "playchess.com"]
[Source "ChessBase"]
[SourceQuality "1"]

1. Nf3 Nf6 2. g3 d5 3. Bg2 e6 4. O-O Be7 5. c4 O-O 6. d4 dxc4 7. Qc2 a6 8. a4 Bd7 9. Qxc4 Bc6 10. Bg5 Bd5 11. Qc2 Be4 12. Qd1 c5 13. dxc5 Qxd1 14. Rxd1 Bxc5 15. Nc3 Bc6 16. Ne5 Bxg2 17. Kxg2 h6 18. Bxf6 gxf6 19. Ne4 fxe5 20. Nxc5 b6 21. Ne4 Nc6 22. Rac1 1-0

[Event "80th Tata Steel Challengers 2018"]
[Site "Wijk aan Zee"]
[Date "2018.01.21"]
[Round "8"]
[White "Girya, Olga"]
[Black "Krasenkow, Michal"]
[Result "0-1"]
[WhiteElo "2489"]
[BlackElo "2671"]
[Annotator "TA"]
[PlyCount "82"]
[EventDate "2018.??.??"]
[EventType "tourn"]
[EventCountry "NED"]
[SourceTitle "playchess.com"]
[Source "ChessBase"]
[SourceQuality "1"]

1. d4 d5 2. Nf3 c6 3. c4 e6 4. Nc3 dxc4 5. e3 b5 6. a4 Bb4 7. Bd2 a5 8. axb5 Bxc3 9. Bxc3 cxb5 10. b3 Bb7 11. bxc4 b4 12. Bb2 Nf6 13. Bd3 O-O 14. O-O Nbd7 15. Nd2 Qc7 16. f4 a4 17. Rb1 Rfd8 18. Qe2 b3 19. Ra1 g6 20. Kh1 Nh5 21. Ne4 f5 22. Ng5 Re8 23. Ba3 Nhf6 24. Rac1 h6 25. Nf3 Be4 26. Nd2 Bxd3 27. Qxd3 Qc6 28. Ra1 Rec8 29. Rfc1 Nb6 30. Kg1 Ne4 31. c5 Nd7 32. Nc4 Kh7 33. Bb2 Rg8 34. Rd1 Qd5 35. Ne5 g5 36. Nxd7 Qxd7 37. Qc4 gxf4 38. d5 f3 39. g3 Qc7 40. dxe6 Rxg3+ 41. Kf1 Rg7 0-1

[Event "81st Tata Steel Tienkamp 2019"]
[Site "Wijk aan Zee"]
[Date "2019.01.26"]
[Round "8"]
[White "Warmerdam, Max"]
[Black "Kevlishvili, Robby"]
[Result "1-0"]
[WhiteElo "2440"]
[BlackElo "2453"]
[Annotator "TA"]
[PlyCount "87"]
[EventDate "2019.01.12"]
[EventType "tourn"]
[EventCountry "NED"]
[SourceTitle "playchess.com"]
[Source "ChessBase"]
[SourceQuality "1"]

1. d4 d5 2. c4 c6 3. Nf3 Nf6 4. Nc3 e6 5. Bg5 dxc4 6. e4 b5 7. e5 h6 8. Bh4 g5 9. Nxg5 hxg5 10. Bxg5 Be7 11. exf6 Bxf6 12. Bxf6 Qxf6 13. g3 Bb7 14. Bg2 Na6 15. a4 O-O-O 16. axb5 cxb5 17. Bxb7+ Kxb7 18. Nxb5 Nb4 19. O-O a6 20. Nc3 Rxd4 21. Qa4 Qe7 22. Qa5 Ra8 23. Na4 Qd6 24. Nc5+ Kc6 25. Qxb4 Qxc5 26. Qc3 Kb6 27. b3 Rd3 28. Qxc4 Qxc4 29. bxc4 Rc3 30. Ra4 Kc5 31. Rfa1 Rxc4 32. Rxa6 Rxa6 33. Rxa6 Kd5 34. Ra7 f6 35. Rf7 Ke5 36. h4 Rc8 37. Kg2 Rg8 38. Kh3 Kf5 39. g4+ Kg6 40. Re7 e5 41. Kg3 Rf8 42. h5+ Kg5 43. f3 Rg8 44. Rf7 1-0